Sociologie de la consommation

Salvato in:
Dettagli Bibliografici
Autore principale: Chabault, Vincent
Natura: Libro
Lingua:francese
Pubblicazione: Paris Dunod 2017
Serie:Management SUP
Soggetti:
Tags: Aggiungi Tag
Nessun Tag, puoi essere il primo ad aggiungerne!!

MARC

LEADER 00000nam a2200000 4500
001 0235079
005 20240221114353.5
020 |a 978-2-10-076468-6 
041 0 |a fre 
044 |a FR 
245 1 0 |a Sociologie de la consommation  |c Vincent Chabault 
264 1 |a Paris  |b Dunod  |c 2017 
300 |a 182 s. 
490 1 |a Management SUP 
830 0 |a Management SUP 
610 2 0 |a spotreba 
610 2 0 |a sociológia 
610 2 0 |a nákup 
610 2 0 |a nákup elektronický 
610 2 0 |a obchod elektronický 
610 2 0 |a zákazníci 
610 2 0 |a spotrebitelia 
610 2 0 |a správanie spotrebiteľa 
100 1 |a Chabault, Vincent